<?xml version="1.0" encoding="UTF-8"?>
<record
    xmlns:xsi="http://www.w3.org/2001/XMLSchema-instance"
    xsi:schemaLocation="http://www.loc.gov/MARC21/slim http://www.loc.gov/standards/marcxml/schema/MARC21slim.xsd"
    xmlns="http://www.loc.gov/MARC21/slim">

  <leader>01989nam a2200301uu 4500</leader>
  <controlfield tag="001">1193901</controlfield>
  <controlfield tag="005">20240207134817.0</controlfield>
  <controlfield tag="007">cr|||||||</controlfield>
  <controlfield tag="008">100318e20100318                    spa  </controlfield>
  <datafield tag="035" ind1=" " ind2=" ">
    <subfield code="a">1193901</subfield>
  </datafield>
  <datafield tag="040" ind1=" " ind2=" ">
    <subfield code="c">comduadb</subfield>
  </datafield>
  <datafield tag="041" ind1=" " ind2=" ">
    <subfield code="a">spa</subfield>
  </datafield>
  <datafield tag="080" ind1=" " ind2=" ">
    <subfield code="a">DGI</subfield>
  </datafield>
  <datafield tag="100" ind1="1" ind2="0">
    <subfield code="a">Echeverri V&#xE9;lez, Mabel</subfield>
    <subfield code="4">aut</subfield>
    <subfield code="e">aut</subfield>
    <subfield code="9">603669</subfield>
  </datafield>
  <datafield tag="245" ind1="1" ind2="0">
    <subfield code="a">Laboratorio Grupo GIGA pr&#xE1;ctica auditor&#xED;a interna de calidad</subfield>
  </datafield>
  <datafield tag="260" ind1=" " ind2=" ">
    <subfield code="a">Medell&#xED;n :</subfield>
    <subfield code="b">[sin publicador],</subfield>
    <subfield code="c">2010.</subfield>
  </datafield>
  <datafield tag="300" ind1=" " ind2=" ">
    <subfield code="a">12 p&#xE1;ginas</subfield>
  </datafield>
  <datafield tag="500" ind1=" " ind2=" ">
    <subfield code="a">Localizaci&#xF3;n: Centro de Documentaci&#xF3;n CENDOI, 20 -146. Clasificaci&#xF3;n: 05612.</subfield>
  </datafield>
  <datafield tag="520" ind1="3" ind2=" ">
    <subfield code="a">El siguiente trabajo fue realizado en el laboratorio del grupo GIGA de la facultad de Ingenier&#xED;a de la U de A. En &#xE9;l se llev&#xF3; a cabo una auditor&#xED;a interna de calidad con el fin de contribuir al mejoramiento de la implementaci&#xF3;n de los requisitos de gesti&#xF3;n de la Norma ISO/IEC 17025, los cuales son compatibles con la Norma ISO 9001: 2008. se auditaron los proceso misionales: Gesti&#xF3;n Comercial, Toma de muestra, procesamiento y diagn&#xF3;stico. Donde se encontraron fortalezas como la competencia del personal y su compromiso por el Sistema de Gesti&#xF3;n. Pero adem&#xE1;s se evidenciaron debilidades en el control de la documentaci&#xF3;n y en el seguimiento y medici&#xF3;n de los procesos.</subfield>
  </datafield>
  <datafield tag="650" ind1=" " ind2=" ">
    <subfield code="a">Universidad de Antioquia. Facultad de Ingenier&#xED;a - Grupo de Investigaci&#xF3;n en Ingenier&#xED;a y Gesti&#xF3;n Ambiental GIGA</subfield>
    <subfield code="9">171681</subfield>
  </datafield>
  <datafield tag="650" ind1=" " ind2=" ">
    <subfield code="a">Laboratorios de ingenier&#xED;a</subfield>
    <subfield code="9">37548</subfield>
  </datafield>
  <datafield tag="650" ind1=" " ind2=" ">
    <subfield code="a">Auditor&#xED;a de calidad</subfield>
    <subfield code="9">73161</subfield>
  </datafield>
  <datafield tag="700" ind1="1" ind2="0">
    <subfield code="a">Echavarr&#xED;a Zuluaga, Sandra Eliana</subfield>
    <subfield code="4">aut</subfield>
    <subfield code="e">aut</subfield>
    <subfield code="9">530632</subfield>
  </datafield>
  <datafield tag="700" ind1="1" ind2="0">
    <subfield code="a">Ram&#xED;rez Moreno, Lineth Gisela</subfield>
    <subfield code="4">aut</subfield>
    <subfield code="e">aut</subfield>
    <subfield code="9">608342</subfield>
  </datafield>
  <datafield tag="700" ind1="1" ind2="0">
    <subfield code="a">Lopera Cardona, Jorge Alonso</subfield>
    <subfield code="4">ths</subfield>
    <subfield code="e">ths</subfield>
    <subfield code="9">608809</subfield>
  </datafield>
  <datafield tag="942" ind1=" " ind2=" ">
    <subfield code="c">TESIS</subfield>
    <subfield code="n">0</subfield>
  </datafield>
  <datafield tag="999" ind1=" " ind2=" ">
    <subfield code="c">548528</subfield>
    <subfield code="d">548528</subfield>
  </datafield>
  <datafield tag="500" ind1=" " ind2=" ">
    <subfield code="a">Tesis (Diplomado en Gesti&#xF3;n y auditor&#xED;a de la calidad en ISO 9001: 2000 y Gesti&#xF3;n y Auditor&#xED;a Ambiental en ISO 14000). Universidad de Antioquia. Facultad de Ingenier&#xED;a. CESET. Grupo Regional ISO - T&#xED;tulo del grado otorgado</subfield>
  </datafield>
</record>
